| 000 | nam a22 4500 | ||
|---|---|---|---|
| 999 |
_c346160 _d346160 |
||
| 003 | BLK | ||
| 005 | 20191024110650.0 | ||
| 008 | 191024b bu ||||| |||| 00| 0 bu d | ||
| 040 | _aBLK | ||
| 041 |
_aBUL _cBUL |
||
| 080 |
_aБългарски фолклорист, литературен историк, етнограф _b929 Арнаудов, Михаил Петров _z929 Арнаудов, Михаил Петров |
||
| 245 |
_aПозовавания на Михаил Арнаудов _bСтатии от периодични издания |
||
| 380 | _a0 | ||
| 490 |
_9396381 _aЧастна колекция - Академик Михаил Арнаудов _gДарение - Основен фонд |
||
| 505 |
_tСтатия от Н. Мавродинов България е в Европа. - в. Дъга, бр. 546, 26 юли 1946, с. 4. _tИзрезка на статията от Стефан Коларов Библиотека "Бележити Българи". - в. Народна култура, 4 януари 1969, бр. 1 (624). Отметки в текста. Сведения за книгата на Михаил Арнаудов "Григор Пърличев". _tСтатия от Стефан Памуков "Ти трябва да живееш". Неизвестни писма на Кирил Христов и Невяна Палашева. - в. Народна култура, бр. 41, 13 окт. 1989. Сведения за книгата на Михаил Арнаудов за Кирил Христов. _tСтатия на Виолета Радева Пръстен от забрава изковаха комунистите за Кирил Христов. - в. Демокрация, бр. 181, 6 авг. 1993. Михаил Арнаудов за Кирил Христов. _tСтатия на Петко Петков Бог го избави от две смъртни присъди. - в. Про и анти, бр. 5, 3-9 февр. 2006 г. Съдържа изповедта на Михаил Арнаудов пред поп Страхил в Софийския централен затвор. _tСтатия на Николай Дончев Une nouvelle collection: "Le livre Bulgare". - в. La Parole Bulgare, бр. 795, 12 юни 1943. |
||
| 852 | _aМА 5036 | ||
| 942 |
_2udc _cKNG _n0 _s1 |
||